| 000 | 01328nam a2200337 a 4500 | ||
|---|---|---|---|
| 001 | ebr2003009 | ||
| 003 | CaPaEBR | ||
| 006 | m u | ||
| 007 | cr cn||||||||| | ||
| 008 | 011210s1999 enka s 000 0 eng | ||
| 015 | _aGB99-V3928 | ||
| 016 | 7 |
_a033377762x _2Uk |
|
| 020 | _z033377762X | ||
| 020 | _z031223046X(U.S.) | ||
| 040 |
_aCaPaEBR _cCaPaEBR |
||
| 035 | _a(OCoLC)50705181 | ||
| 050 | 1 | 4 |
_aDS35.2 _b.A37 1999eb |
| 082 | 0 | 4 |
_a330.95 _221 |
| 245 | 0 | 0 |
_aAfter the Asian crises _h[electronic resource] : _bperspectives on global politics and economics / _cedited by Maria Weber. |
| 260 |
_aBasingstoke : _bPalgrave, _c1999. |
||
| 300 |
_axxii, 214 p. : _bill. |
||
| 500 | _aPublished in association with the Instituto per gli Studi di Politica Internazionale. | ||
| 533 |
_aElectronic reproduction. _bPalo Alto, Calif. : _cebrary, _d2013. _nAvailable via World Wide Web. _nAccess may be limited to ebrary affiliated libraries. |
||
| 650 | 0 |
_aFinancial crises _zAsia. |
|
| 650 | 0 | _aInternational economic relations. | |
| 651 | 0 |
_aAsia _xEconomic conditions _y1945- |
|
| 655 | 7 |
_aElectronic books. _2local |
|
| 700 | 1 |
_aWeber, Maria, _d1951- |
|
| 710 | 2 | _aebrary, Inc. | |
| 856 | 4 | 0 |
_uhttp://site.ebrary.com/lib/rucke/Doc?id=2003009 _zAn electronic book accessible through the World Wide Web; click to view |
| 999 |
_c123524 _d123524 |
||